|
|
|
|
| LEADER |
00000nab a2200000 a 4500 |
| 001 |
vtls000415591 |
| 003 |
SK-MaSNL |
| 005 |
20260304211603.0 |
| 008 |
250424c1991 xo 0 slo |
| 015 |
|
|
|a SNBRB19rr/mm-uuuuu
|
| 035 |
|
|
|a CL0415716
|
| 035 |
|
|
|a urn:nbn:sk:snk-ab9wz
|
| 035 |
|
|
|a (urnnbn)urn:nbn:sk:snk:ar-a03caa
|
| 035 |
|
|
|a (uuid)b09f8a9e-755c-4440-8e76-1a9523c7c22a
|
| 040 |
|
|
|a SNKBUCL
|b slo
|c SNKBUCL
|e AACR2
|
| 041 |
0 |
|
|a slo
|
| 044 |
|
|
|a xo
|c SK
|
| 080 |
|
|
|a 616.12-089
|2 1981
|
| 245 |
0 |
0 |
|a A Method for slowing Down Depletion of Myocardial Energy Reserves of the Donor Heart before Transplantation
|c Hana Vavřínková, Milada Tutterová, Zdena Vránová, Milan Vrána
|
| 300 |
|
|
|b Obr. 4., lit. 21 zázn. v češ., angl.
|
| 650 |
0 |
7 |
|a transplantácia srdca
|2 snkbucl
|9 20234
|
| 650 |
0 |
7 |
|a srdce
|2 snkbucl
|9 13574
|
| 655 |
|
7 |
|a články z novín a časopisov
|2 snkbucl
|9 267496
|
| 700 |
1 |
|
|a Vavřínková, Hana,
|d 1931-
|4 aut
|9 117556
|
| 700 |
1 |
|
|a Tutterová, Milada
|4 aut
|9 1543453
|
| 700 |
1 |
|
|a Vránová, Zdena
|4 aut
|9 1543454
|
| 700 |
1 |
|
|a Vrána, Milan
|4 aut
|9 539803
|
| 773 |
0 |
|
|t Bratislavské lekárske listy
|g Roč. 92, č. 3-4 (1991), s. 150-154
|
| 850 |
|
|
|a Slovenská národná knižnica
|
| 852 |
|
|
|a Slovenská národná knižnica
|
| 954 |
|
|
|a odborná, vedecká literatúra cudzojazyčná (svetová)
|2 lita
|
| 958 |
|
|
|a article27
|
| 958 |
|
|
|a NB
|
| 958 |
|
|
|a RK
|
| 958 |
|
|
|a MI
|
| 958 |
|
|
|a OND
|
| 958 |
|
|
|a EUIPO
|
| 992 |
|
|
|a RBX
|
| 999 |
|
|
|c 3129151
|d 3131081
|